000 00721nam a2200289 a 4500
003 AR-BaBNM
005 20251128203634.0
008 082120s2002 ||||||||||||||000 | spa||
040 _cAR-BaBNM
100 1 _aRivas, Duque de
245 0 0 _aObras selectas
260 _aBuenos Aires
_bEstrada
_c1945
300 _a318 p.
490 0 _aClásicos castellanos
500 _aContiene índice de las obras en p. 321
650 4 _aROMANTICISMO
650 4 _aSIGLO DIECINUEVE
650 4 _aTEATRO
650 4 _aLEYENDAS
650 4 _aLITERATURA ESPAÑOLA
653 _aROMANCES
653 _aSONETO
655 _aLITERATURA
700 1 _aMelián Lafinur, Alvaro
_eprologuista
942 _cBK
998 _cisola
999 _c4277
_d4277